XX historias del siglo veinte chileno

Kaydedildi:
Detaylı Bibliyografya
Asıl Yazarlar: Baeza Ruz, Andrés Felipe (Yazar), Estefane Jaramillo, Andrés (Yazar), Fernández Abara, Joaquín Rodrigo (Yazar), García-Huidobro Becerra, Cristóbal Andrés (Yazar), Moscoso Farías, Pablo Andrés (Yazar), Ocaranza Pacheco, Nicolás Fernando (Yazar)
Diğer Yazarlar: Ossa Santa Cruz, Juan Luis (autor)
Materyal Türü: Kitap
Dil:İspanyolca
Baskı/Yayın Bilgisi: Barcelona Vergara 2008
Edisyon:1a. ed
Seri Bilgileri:Biografía e Historia
Konular:
Etiketler: Etiketle
Etiket eklenmemiş, İlk siz ekleyin!

MARC

LEADER 00000nam a2200000 a 4500
001 UCH1358
003 CL-VaPUC
008 090427e20080000SP |||||||||||||||||spa|d
020 |a 9789563040524 
082 0 4 |a 983.064  |b BAE  |2 21 
100 0 |a Baeza Ruz, Andrés Felipe  |e author  |9 535813 
700 0 |a Estefane Jaramillo, Andrés  |e author  |9 535814 
700 0 |a Fernández Abara, Joaquín Rodrigo  |e author  |9 535815 
700 |a García-Huidobro Becerra, Cristóbal Andrés  |e author  |9 542177 
700 0 |a Moscoso Farías, Pablo Andrés  |e author  |9 535817 
700 0 |a Ocaranza Pacheco, Nicolás Fernando  |e author  |9 535818 
700 |a Ossa Santa Cruz, Juan Luis  |e autor  |9 542172 
245 1 0 |a XX historias del siglo veinte chileno 
250 |a 1a. ed 
300 |a 492 p 
942 |c BK 
945 |d 20090427 00:00:00  |a rbrito 
260 |a Barcelona  |b Vergara  |c 2008 
650 0 |a Historia de Chile siglo 20  |9 268145 
650 0 |a Nazismo   |9 347078 
650 0 |a Política  |9 255312 
650 0 |a Reforma universitaria   |9 307515 
650 0 |a Golpe militar   |9 379681 
651 7 |a CHILE  |2 CL-VaPUC  |9 535820 
583 |a last modification  |c 20090427 00:00:00  |k Rodrigo Vera 
490 0 |a Biografía e Historia 
999 |c 333409  |d 333407 
952 |0 0  |1 0  |4 0  |6 983_064000000000000_BAE_2008  |7 0  |8 A  |9 421769  |a BIBHIS  |b BIBHIS  |d 2019-11-22  |i 4538978  |l 2  |o 983.064 BAE 2008  |p 4538978  |r 2025-01-20  |s 2024-12-02  |w 2019-11-22  |y BK  |k HIS 
952 |0 0  |1 0  |4 0  |6 983_064000000000000_BAE_2008  |7 0  |8 A  |9 421770  |a BIBHIS  |b BIBHIS  |d 2019-11-22  |i 4612884  |l 1  |o 983.064 BAE 2008  |p 4612884  |r 2025-01-20  |s 2022-06-17  |w 2019-11-22  |y BK  |k HIS 
952 |0 0  |1 0  |4 0  |6 983_064000000000000_BAE_2008  |7 0  |8 A  |9 421771  |a BIBHIS  |b BIBHIS  |d 2019-11-22  |i 465269K  |l 2  |o 983.064 BAE 2008  |p 465269K  |r 2025-01-20  |s 2022-11-08  |w 2019-11-22  |y BK  |k HIS